Enhanced Nonclassical Correlations in Entangled SU(1,1) Bosonic Coherent States/ (Record no. 609693)
[ view plain ]
| 000 -LEADER | |
|---|---|
| fixed length control field | 00551nam a22001697a 4500 |
| 003 - CONTROL NUMBER IDENTIFIER | |
| control field | NUST |
| 038 ## - RECORD CONTENT LICENSOR | |
| Staff Name | Nusrat Nadeem |
| 082 ## - DEWEY DECIMAL CLASSIFICATION NUMBER | |
| Classification number | 200 |
| 100 ## - MAIN ENTRY--PERSONAL NAME | |
| Personal name | Bint Monir, Hadiah |
| 245 ## - TITLE STATEMENT | |
| Title | Enhanced Nonclassical Correlations in Entangled SU(1,1) Bosonic Coherent States/ |
| Statement of responsibility, etc. | Hadiah Bint Monir |
| 264 ## - PRODUCTION, PUBLICATION, DISTRIBUTION, MANUFACTURE, AND COPYRIGHT NOTICE | |
| Place of production, publication, distribution, manufacture | Islamabad; |
| Name of producer, publisher, distributor, manufacturer | SNS NUST; |
| Date of production, publication, distribution, manufacture, or copyright notice | 2020; |
| 300 ## - PHYSICAL DESCRIPTION | |
| Extent | 133,p; |
| Other physical details | ill; |
| Dimensions | 30,cm. |
| 650 ## - SUBJECT ADDED ENTRY--TOPICAL TERM | |
| Topical term or geographic name entry element | PhD- Chemistry |
| 700 ## - ADDED ENTRY--PERSONAL NAME | |
| Personal name | Supervisor: Dr. Shahid Iqbal |
| 856 ## - ELECTRONIC LOCATION AND ACCESS | |
| Uniform Resource Identifier | <a href="http://10.250.8.41:8080/xmlui/handle/123456789/3219">http://10.250.8.41:8080/xmlui/handle/123456789/3219</a> |
| 942 ## - ADDED ENTRY ELEMENTS (KOHA) | |
| Source of classification or shelving scheme | |
| Koha item type | Soft Copy |
| Withdrawn status | Permanent Location | Current Location | Date acquired | Full call number | Barcode | Koha item type |
|---|---|---|---|---|---|---|
| Central Library (CL) | Central Library (CL) | 06/12/2024 | 200 | CLPT-494 | Soft Copy |
